The Alphabet... with a twist Quiz Stats

Quiz not verified by Sporcle

Challenge
Share
Tweet
Embed
Score 0/11 Timer 02:00
0 Plays Today
Letter % Correct
1???
94.2%
3???
82.5%
2???
81.8%
4???
80.2%
10???
74%
8???
73%
9???
73%
7???
72.4%
5???
72.3%
11???
71.7%
6???
68.3%

You're not logged in!

Compare scores with friends on all Sporcle quizzes.
Sign Up with Email
OR
Log In

Show Comments

Extras

Top Quizzes Today


Score Distribution

Your Account Isn't Verified!

In order to create a playlist on Sporcle, you need to verify the email address you used during registration. Go to your Sporcle Settings to finish the process.